[Event "14. Torneo Villa de Mondragón 2014"]
[Site "Arrasate ESP"]
[Date "2014.12.22"]
[Round "1.2"]
[White "Franco Alonso, Alejandro"]
[Black "Izagirre Alsua, Aritz"]
[Result "1-0"]
[WhiteElo "2441"]
[BlackElo "1894"]
[PlyCount "73"]
[EventDate "2014.12.22"]
[EventType "swiss"]
[EventRounds "6"]
[EventCountry "ESP"]
[Source "lmi"]
[SourceDate "2014.12.22"]

1. d4 d5 2. c4 c6 3. Nf3 Nf6 4. Qc2 a6 5. Bf4 Nh5 6. Bg5 f6 7. Bc1 Qd6 8. cxd5
Qxd5 9. e4 Qd8 10. Be2 g6 11. O-O Ng7 12. Nc3 e6 13. Rd1 Qc7 14. Qb3 Be7 15.
Bh6 O-O 16. Rac1 Kh8 17. Na4 Nd7 18. d5 e5 19. Qc2 c5 20. b4 b6 21. bxc5 bxc5
22. Nd2 Rd8 23. Nb3 c4 24. Bxg7+ Kxg7 25. Qxc4 Qxc4 26. Rxc4 Ba3 27. Na5 Rf8
28. Rd3 Be7 29. Nc6 Bd6 30. Rb3 a5 31. Rc2 f5 32. f3 fxe4 33. fxe4 Nf6 34. Nb6
Ba6 35. Nxa8 Bxe2 36. Rxe2 Bc5+ 37. Kf1 1-0

[Event "14. Torneo Villa de Mondragón 2014"]
[Site "Arrasate ESP"]
[Date "2014.12.22"]
[Round "1.3"]
[White "Montolio Benedicto, Cesar"]
[Black "Etxagibel Larrañaga, Asier"]
[Result "0-1"]
[WhiteElo "1840"]
[BlackElo "2164"]
[PlyCount "116"]
[EventDate "2014.12.22"]
[EventType "swiss"]
[EventRounds "6"]
[EventCountry "ESP"]
[Source "lmi"]
[SourceDate "2014.12.22"]

1. e4 c6 2. d4 d5 3. Nc3 dxe4 4. Nxe4 Bf5 5. Ng3 Bg6 6. Nf3 Nd7 7. h4 h6 8. h5
Bh7 9. Bd3 Bxd3 10. Qxd3 e6 11. Bd2 Ngf6 12. O-O-O Qc7 13. Kb1 Bd6 14. Ne4 Nxe4
15. Qxe4 Nf6 16. Qe2 O-O-O 17. c4 Rhe8 18. Bc3 Ng4 19. Nd2 f5 20. f3 Nf6 21.
Nb3 Bg3 22. Be1 Bxe1 23. Rdxe1 Nd7 24. Qf2 Kb8 25. Re2 Re7 26. Rhe1 Rde8 27.
Qh4 Nf6 28. Re5 b6 29. Nc1 Qd8 30. Nb3 Kb7 31. g4 fxg4 32. fxg4 Nh7 33. Rf1 Rf8
34. Rxf8 Qxf8 35. d5 cxd5 36. cxd5 Qf1+ 37. Re1 Qd3+ 38. Ka1 Nf6 39. dxe6 Qd5
40. Rc1 Rxe6 41. Qg3 Qe5 42. Qf3+ Qe4 43. Qc3 Qc6 44. Qxc6+ Rxc6 45. Rxc6 Kxc6
46. Nd4+ Kd5 47. Nf5 Nxg4 48. Nxg7 Ke5 49. Kb1 Kf6 50. Ne8+ Kg5 51. Nd6 Ne5 52.
Kc2 Kxh5 53. Kc3 Kg4 54. Kd4 Kf4 55. Ne4 h5 56. Nf2 h4 57. Nh3+ Kg3 58. Ng5
Nf3+ 0-1

[Event "14. Torneo Villa de Mondragón 2014"]
[Site "Arrasate ESP"]
[Date "2014.12.22"]
[Round "1.4"]
[White "Ortega Fuentes, Luis Angel"]
[Black "Axpe Goikoetxea, Javier"]
[Result "1-0"]
[WhiteElo "2129"]
[BlackElo "1736"]
[PlyCount "47"]
[EventDate "2014.12.22"]
[EventType "swiss"]
[EventRounds "6"]
[EventCountry "ESP"]
[Source "lmi"]
[SourceDate "2014.12.22"]

1. Nf3 d5 2. d4 Nf6 3. c4 e6 4. Nc3 c6 5. e3 Be7 6. Bd3 Nbd7 7. O-O Qc7 8. Qe2
O-O 9. e4 dxc4 10. Bxc4 b5 11. Bd3 Bb7 12. Bg5 e5 13. Rac1 Qd8 14. Nxe5 Nxe5
15. dxe5 Nd7 16. Bxe7 Qxe7 17. f4 a6 18. Nd1 Rad8 19. Ne3 Qb4 20. Bb1 Rfe8 21.
Nf5 Ba8 22. Nd6 Re6 23. a3 Qa5 24. Ba2 1-0

[Event "14. Torneo Villa de Mondragón 2014"]
[Site "Arrasate ESP"]
[Date "2014.12.22"]
[Round "1.5"]
[White "De Andres Andres, Eugenio"]
[Black "Tornay Gomez, Josu"]
[Result "0-1"]
[WhiteElo "1722"]
[BlackElo "2091"]
[PlyCount "126"]
[EventDate "2014.12.22"]
[EventType "swiss"]
[EventRounds "6"]
[EventCountry "ESP"]
[Source "lmi"]
[SourceDate "2014.12.22"]

1. b3 e5 2. Bb2 Nc6 3. e3 f5 4. Nf3 d6 5. c4 Nf6 6. Be2 Be7 7. Nc3 e4 8. Nd4
Nxd4 9. exd4 c6 10. d3 d5 11. f3 O-O 12. O-O exd3 13. Qxd3 f4 14. Rfe1 a6 15.
Bf1 Bd6 16. c5 Bc7 17. b4 Nh5 18. Qe2 Qf6 19. Nd1 Bd8 20. Qd2 Bd7 21. Nf2 Qh4
22. Bd3 Bf6 23. Qc2 g6 24. Rad1 Rae8 25. Qd2 Qg5 26. Rxe8 Rxe8 27. Re1 Rf8 28.
Bc2 Ng7 29. Bb1 h5 30. Bc2 h4 31. Nd3 h3 32. Ne5 Bf5 33. Bxf5 Nxf5 34. Ng4 Bg7
35. gxh3 Ne3 36. Qd3 Qh4 37. Qe2 Qxh3 38. Nxe3 fxe3 39. Qxe3 Rxf3 40. Qe6+ Qxe6
41. Rxe6 Rf6 42. Rxf6 Bxf6 43. Kg2 Kf7 44. Kf3 Bg5 45. Bc3 Ke6 46. Kg4 Be3 47.
Kf3 Bc1 48. Kg4 Kf6 49. h3 Bh6 50. a4 Be3 51. Kf3 Bg1 52. Kg4 Be3 53. Kf3 Bh6
54. Kg4 Bg5 55. h4 Bh6 56. Kf3 Kf5 57. Be1 Bg7 58. Bf2 Bh8 59. Be3 Bg7 60. Kg3
Ke4 61. Bf2 Bxd4 62. Bxd4 Kxd4 63. Kf4 Kc4 0-1

[Event "14. Torneo Villa de Mondragón 2014"]
[Site "Arrasate ESP"]
[Date "2014.12.22"]
[Round "1.7"]
[White "Janse, Sebastaan"]
[Black "Ortega Lopez, Mikel"]
[Result "0-1"]
[WhiteElo "1648"]
[BlackElo "2008"]
[PlyCount "82"]
[EventDate "2014.12.22"]
[EventType "swiss"]
[EventRounds "6"]
[EventCountry "ESP"]
[Source "lmi"]
[SourceDate "2014.12.22"]

1. e4 c5 2. Nc3 a6 3. g3 b5 4. Bg2 Bb7 5. d3 e6 6. f4 d5 7. exd5 exd5 8. Nge2
Nf6 9. O-O Be7 10. h3 Nc6 11. Kh2 O-O 12. f5 b4 13. Nb1 a5 14. g4 h6 15. Nd2
Qc7+ 16. Kh1 Bd6 17. Nf3 Rfe8 18. Bd2 a4 19. Be1 d4 20. Bh4 Nd5 21. Bf2 Ne3 22.
Bxe3 Rxe3 23. Nd2 Rae8 24. Ne4 Ne5 25. Ng1 c4 26. Re1 Rxe1 27. Qxe1 cxd3 28.
cxd3 Nxd3 29. Nf6+ gxf6 30. Qxe8+ Kg7 31. Rf1 Bxg2+ 32. Kxg2 Nf4+ 33. Kh1 Qc2
34. Qa8 Nh5 35. Nf3 Ng3+ 36. Kg1 Nxf1 37. Kxf1 Bg3 38. Kg1 Qf2+ 39. Kh1 d3 40.
Qb7 Qf1+ 41. Ng1 Bf2 0-1

[Event "14. Torneo Villa de Mondragón 2014"]
[Site "Arrasate ESP"]
[Date "2014.12.23"]
[Round "2.1"]
[White "Low, Zhen Yu Cyrus"]
[Black "Franco Alonso, Alejandro"]
[Result "1/2-1/2"]
[WhiteElo "2028"]
[BlackElo "2441"]
[PlyCount "66"]
[EventDate "2014.12.22"]
[EventType "swiss"]
[EventRounds "6"]
[EventCountry "ESP"]
[Source "lmi"]
[SourceDate "2014.12.22"]

1. e4 c5 2. Nf3 e6 3. d4 cxd4 4. Nxd4 Nf6 5. Nc3 d6 6. Be3 a6 7. Be2 Be7 8. g4
d5 9. exd5 Nxd5 10. Nxd5 Qxd5 11. Bf3 Qa5+ 12. Qd2 Qxd2+ 13. Kxd2 Nd7 14. Rad1
Ne5 15. Be2 b5 16. Kc1 Bb7 17. Rhe1 Rc8 18. Kb1 Nc4 19. Bc1 O-O 20. f4 Rfd8 21.
Bf3 Bxf3 22. Nxf3 Kf8 23. c3 Rxd1 24. Rxd1 Ke8 25. Rd3 g6 26. Nd4 Kf8 27. b3
Nb6 28. Ne2 Nd5 29. f5 Bf6 30. Bd2 gxf5 31. gxf5 h5 32. fxe6 fxe6 33. Rh3 Ke7
1/2-1/2

[Event "14. Torneo Villa de Mondragón 2014"]
[Site "Arrasate ESP"]
[Date "2014.12.23"]
[Round "2.2"]
[White "Etxagibel Larrañaga, Asier"]
[Black "Janse, Alexander"]
[Result "1-0"]
[WhiteElo "2164"]
[BlackElo "1929"]
[PlyCount "71"]
[EventDate "2014.12.22"]
[EventType "swiss"]
[EventRounds "6"]
[EventCountry "ESP"]
[Source "lmi"]
[SourceDate "2014.12.22"]

1. d4 d5 2. c4 e6 3. Nc3 Nf6 4. cxd5 exd5 5. Bg5 Be7 6. Qc2 c6 7. e3 O-O 8. Bd3
h6 9. Bh4 Re8 10. Nf3 Nbd7 11. O-O b6 12. Rab1 c5 13. dxc5 Nxc5 14. Bb5 Bd7 15.
Rfd1 Bxb5 16. Nxb5 Nfe4 17. Bxe7 Rxe7 18. b4 Na6 19. Qb3 Nf6 20. Nfd4 Rd7 21.
Rbc1 Nb8 22. Ne2 a6 23. Nbd4 Rc7 24. Rxc7 Qxc7 25. Nf4 Qc4 26. Qb1 a5 27. Rc1
Qa6 28. bxa5 bxa5 29. Nb5 Nbd7 30. Nc7 Qa7 31. Nxa8 Qxa8 32. Qc2 Nb6 33. Qc6
Qxc6 34. Rxc6 Na4 35. f3 Nb2 36. Rc5 1-0

[Event "14. Torneo Villa de Mondragón 2014"]
[Site "Arrasate ESP"]
[Date "2014.12.23"]
[Round "2.3"]
[White "Ortega Lopez, Mikel"]
[Black "Ortega Fuentes, Luis Angel"]
[Result "1/2-1/2"]
[WhiteElo "2008"]
[BlackElo "2129"]
[PlyCount "43"]
[EventDate "2014.12.22"]
[EventType "swiss"]
[EventRounds "6"]
[EventCountry "ESP"]
[Source "lmi"]
[SourceDate "2014.12.22"]

1. e4 e5 2. Nf3 d6 3. d4 Nf6 4. dxe5 Nxe4 5. Qd5 Nc5 6. Bg5 Qd7 7. exd6 Bxd6 8.
Nc3 c6 9. Qd2 Be7 10. Qxd7+ Nbxd7 11. Bxe7 Kxe7 12. O-O-O Re8 13. Ng5 Nf8 14.
Bc4 Be6 15. Rhe1 Rad8 16. Rxd8 Rxd8 17. f4 Kf6 18. Nce4+ Nxe4 19. Nxe4+ Kf5 20.
Bxe6+ Nxe6 21. Ng3+ Kf6 22. Ne4+ 1/2-1/2

[Event "14. Torneo Villa de Mondragón 2014"]
[Site "Arrasate ESP"]
[Date "2014.12.23"]
[Round "2.5"]
[White "Hernando Casas, Jose Manuel"]
[Black "Mendizabal Guridi, Ekaitz"]
[Result "0-1"]
[WhiteElo "2013"]
[BlackElo "1781"]
[PlyCount "88"]
[EventDate "2014.12.22"]
[EventType "swiss"]
[EventRounds "6"]
[EventCountry "ESP"]
[Source "lmi"]
[SourceDate "2014.12.22"]

1. e4 c5 2. Nf3 Nc6 3. d4 cxd4 4. Nxd4 d6 5. c4 Nf6 6. Nc3 g6 7. Be2 Bg7 8. Be3
O-O 9. O-O Bd7 10. f3 a6 11. Qd2 Rb8 12. Rac1 Qa5 13. a3 Rfc8 14. b4 Qd8 15.
Nd5 Nxd5 16. cxd5 Ne5 17. h3 Ba4 18. f4 Nd7 19. Bd3 Nf6 20. Rce1 Rc7 21. g4
Rbc8 22. g5 Nh5 23. Rc1 Bd7 24. Kh2 e6 25. dxe6 fxe6 26. Rxc7 Qxc7 27. Ne2 Bc6
28. Rc1 Rf8 29. a4 Qd7 30. a5 Kh8 31. Nd4 e5 32. Nxc6 exf4 33. Bb6 bxc6 34.
Bxa6 f3 35. Bd4 Nf4 36. Bf1 Kg8 37. Qc3 Bxd4 38. Qxd4 Qe6 39. Rxc6 Qa2+ 40. Kh1
Qb1 41. Qc4+ d5 42. exd5 Ne2 43. d6+ Rf7 44. Rc8+ Kg7 0-1

[Event "14. Torneo Villa de Mondragón 2014"]
[Site "Arrasate ESP"]
[Date "2014.12.23"]
[Round "2.6"]
[White "Izagirre Alsua, Aritz"]
[Black "De Andres Andres, Eugenio"]
[Result "1-0"]
[WhiteElo "1894"]
[BlackElo "1722"]
[PlyCount "94"]
[EventDate "2014.12.22"]
[EventType "swiss"]
[EventRounds "6"]
[EventCountry "ESP"]
[Source "lmi"]
[SourceDate "2014.12.22"]

1. e4 c5 2. d3 g6 3. g3 Bg7 4. Bg2 d5 5. Nd2 e5 6. Ngf3 Ne7 7. O-O O-O 8. Re1
Qc7 9. a3 a5 10. Qe2 d4 11. Rb1 a4 12. h3 Nd7 13. Nf1 c4 14. N1h2 Nc6 15. Ng4
h5 16. Ngh2 Nf6 17. Nh4 Nh7 18. f4 exf4 19. gxf4 Qe7 20. Qf2 Bd7 21. Kh1 Kh8
22. Rg1 Rg8 23. N2f3 Bh6 24. Nd2 g5 25. fxg5 Bxg5 26. Ndf3 Bf6 27. Bd2 Ne5 28.
Nxe5 Bxe5 29. Rbf1 Raf8 30. Nf5 Bxf5 31. Qxf5 h4 32. Bf3 Rxg1+ 33. Rxg1 Bg3 34.
Rf1 f6 35. Bg4 Kg7 36. Qh5 Ng5 37. Bxg5 fxg5 38. Rxf8 Kxf8 39. Qh8+ Kf7 40.
Qh7+ Kf8 41. Qf5+ Kg7 42. Bh5 Bf4 43. Qg6+ Kh8 44. Bg4 Bc1 45. Be6 Qf8 46. Bf5
Qe7 47. Qh6+ Kg8 1-0

[Event "14. Torneo Villa de Mondragón 2014"]
[Site "Arrasate ESP"]
[Date "2014.12.23"]
[Round "2.7"]
[White "San Jose Madinabeitia, Iban"]
[Black "Montolio Benedicto, Cesar"]
[Result "0-1"]
[WhiteElo "1721"]
[BlackElo "1840"]
[PlyCount "110"]
[EventDate "2014.12.22"]
[EventType "swiss"]
[EventRounds "6"]
[EventCountry "ESP"]
[Source "lmi"]
[SourceDate "2014.12.22"]

1. d4 Nf6 2. c4 g6 3. Nf3 Bg7 4. Nc3 d6 5. e4 O-O 6. h3 e5 7. d5 a5 8. Be3 Na6
9. a3 Bd7 10. Qd2 b6 11. Be2 Nc5 12. Qc2 Nh5 13. O-O f5 14. b4 axb4 15. axb4
Nxe4 16. Nxe4 fxe4 17. Ng5 Nf6 18. Nxe4 Nxe4 19. Rxa8 Qxa8 20. Qxe4 Bf5 21. Qh4
Qa2 22. Re1 Bf6 23. Bg5 Bxg5 24. Qxg5 Bd3 25. Qg4 Qd2 26. Kf1 Bxe2+ 27. Rxe2
Qd1+ 28. Re1 Qxg4 29. hxg4 Rf4 30. Rc1 Rxg4 31. f3 Rd4 32. Rc2 Kf7 33. Kf2 h5
34. g3 Ke7 35. Ke3 Kd7 36. b5 Ke7 37. Rc1 Kf6 38. Rc2 Kf5 39. Rc1 g5 40. Rc3 g4
41. f4 Re4+ 42. Kf2 exf4 43. gxf4 Kxf4 44. Rc2 h4 45. Kg2 h3+ 46. Kh2 Kf3 47.
Rc1 Re2+ 48. Kh1 g3 49. Rf1+ Ke3 50. Rc1 Kd2 51. Ra1 Re1+ 52. Rxe1 Kxe1 53. Kg1
h2+ 54. Kg2 h1=Q+ 55. Kxh1 Kf2 0-1

[Event "14. Torneo Villa de Mondragón 2014"]
[Site "Arrasate ESP"]
[Date "2014.12.23"]
[Round "2.8"]
[White "Axpe Goikoetxea, Javier"]
[Black "Janse, Sebastaan"]
[Result "1/2-1/2"]
[WhiteElo "1736"]
[BlackElo "1648"]
[PlyCount "67"]
[EventDate "2014.12.22"]
[EventType "swiss"]
[EventRounds "6"]
[EventCountry "ESP"]
[Source "lmi"]
[SourceDate "2014.12.22"]

1. e4 e5 2. d4 exd4 3. Nf3 Nc6 4. Bc4 Nf6 5. e5 Ng4 6. Bxf7+ Kxf7 7. Ng5+ Kg8
8. Qxg4 h6 9. Nf3 d6 10. e6 Qe8 11. O-O Qxe6 12. Qh5 Qf5 13. Qe8 Kh7 14. Qe2
Be7 15. Na3 Bf6 16. Nb5 Qd7 17. Qd3+ Kg8 18. Nbxd4 Nxd4 19. Nxd4 Bxd4 20. Qxd4
Kh7 21. c4 Qg4 22. Qc3 Bd7 23. f3 Qg6 24. b3 Rae8 25. Bb2 Re2 26. Rf2 Rhe8 27.
Kf1 Rxf2+ 28. Kxf2 Re7 29. Rd1 Bc6 30. Qd3 Qxd3 31. Rxd3 a6 32. Bc3 Kg6 33. Re3
Rxe3 34. Kxe3 1/2-1/2

[Event "14. Torneo Villa de Mondragón 2014"]
[Site "Arrasate ESP"]
[Date "2014.12.24"]
[Round "3.1"]
[White "Tornay Gomez, Josu"]
[Black "Etxagibel Larrañaga, Asier"]
[Result "0-1"]
[WhiteElo "2091"]
[BlackElo "2164"]
[PlyCount "66"]
[EventDate "2014.12.22"]
[EventType "swiss"]
[EventRounds "6"]
[EventCountry "ESP"]
[Source "lmi"]
[SourceDate "2014.12.22"]

1. e4 c6 2. c4 d5 3. exd5 cxd5 4. cxd5 Nf6 5. Qa4+ Nbd7 6. Nc3 a6 7. Nf3 Rb8 8.
d4 b5 9. Qb3 Nb6 10. Bf4 Ra8 11. Bd3 Nbxd5 12. Bg3 e6 13. O-O Bd6 14. Ne5 O-O
15. Rac1 Bb7 16. Bb1 Rc8 17. Rfe1 Nh5 18. Ne4 Nxg3 19. Qxg3 Be7 20. Nc5 Rc7 21.
Ng4 Bd6 22. Qh3 g6 23. Qh6 Bf4 24. Nxb7 Rxb7 25. Qh3 Bxc1 26. Rxc1 Qg5 27. Rf1
Qf4 28. Rd1 Rc8 29. Ne3 Rbc7 30. Nxd5 exd5 31. Qd3 Rc1 32. g3 Rxd1+ 33. Qxd1
Rc1 0-1

[Event "14. Torneo Villa de Mondragón 2014"]
[Site "Arrasate ESP"]
[Date "2014.12.24"]
[Round "3.2"]
[White "Franco Alonso, Alejandro"]
[Black "Ortega Lopez, Mikel"]
[Result "1-0"]
[WhiteElo "2441"]
[BlackElo "2008"]
[PlyCount "83"]
[EventDate "2014.12.22"]
[EventType "swiss"]
[EventRounds "6"]
[EventCountry "ESP"]
[Source "lmi"]
[SourceDate "2014.12.22"]

1. Nf3 Nf6 2. c4 e6 3. g3 d5 4. Bg2 Be7 5. O-O O-O 6. d4 dxc4 7. Qc2 a6 8. a4
Nc6 9. Qxc4 Qd5 10. Nbd2 Rd8 11. e3 Qh5 12. e4 Bd7 13. b3 b5 14. Qc2 Rac8 15.
Qb1 Nb4 16. h3 c5 17. g4 Nxg4 18. hxg4 Qxg4 19. Ne5 Qh5 20. Bb2 cxd4 21. Nxd7
Rxd7 22. Rc1 Rcd8 23. axb5 axb5 24. Nf3 Bc5 25. e5 Rd5 26. Qe4 d3 27. Rxc5 Rxc5
28. Qxb4 Rc2 29. Qd4 Rdc8 30. Rd1 Qg6 31. Rxd3 h6 32. Rd2 Rxd2 33. Nxd2 Rc2 34.
Nf1 Qg5 35. Bc3 Qf5 36. Bd2 Qg6 37. Qe4 Qxe4 38. Bxe4 Rc5 39. f4 g5 40. b4 Rc4
41. Bd3 Rd4 42. Bxb5 1-0

[Event "14. Torneo Villa de Mondragón 2014"]
[Site "Arrasate ESP"]
[Date "2014.12.24"]
[Round "3.3"]
[White "Mendizabal Guridi, Ekaitz"]
[Black "Low, Zhen Yu Cyrus"]
[Result "1/2-1/2"]
[WhiteElo "1781"]
[BlackElo "2028"]
[PlyCount "134"]
[EventDate "2014.12.22"]
[EventType "swiss"]
[EventRounds "6"]
[EventCountry "ESP"]
[Source "lmi"]
[SourceDate "2014.12.22"]

1. e4 c5 2. Nc3 Nc6 3. f4 g6 4. Nf3 Bg7 5. Bc4 e6 6. d3 Nge7 7. O-O O-O 8. Qe1
Nd4 9. Nxd4 Bxd4+ 10. Kh1 d6 11. f5 Nc6 12. Bh6 Re8 13. Qg3 Be5 14. Qg4 Nd4 15.
fxg6 fxg6 16. Rf2 Bd7 17. Raf1 Qe7 18. h4 Bc6 19. h5 Bg7 20. Bg5 Qd7 21. hxg6
hxg6 22. Bf6 Kh8 23. Qh4+ Kg8 24. Qg5 Kh7 25. Rf4 Rh8 26. Rh4+ Kg8 27. Rxh8+
Kxh8 28. Qxg6 Bxf6 29. Rxf6 Qh7+ 30. Qxh7+ Kxh7 31. Bxe6 Kg7 32. Rf7+ Kg6 33.
Nd5 Re8 34. Nf4+ Kg5 35. Bd5 Rh8+ 36. Kg1 Be8 37. Nh3+ Rxh3 38. gxh3 Bxf7 39.
Bxf7 Nxc2 40. a3 Kh4 41. Be6 Kg3 42. Kf1 b5 43. Bd7 Nd4 44. Ke1 a6 45. Kd2 Kf4
46. Be8 Nf3+ 47. Kc3 Ke3 48. a4 b4+ 49. Kc4 Ne5+ 50. Kd5 Nxd3 51. Kxd6 Nxb2 52.
Kxc5 a5 53. Kb5 Nd1 54. Bf7 Kf4 55. Kxa5 Nc3 56. h4 Kxe4 57. Kxb4 Nxa4 58. Kxa4
Kf5 59. h5 Kf6 60. Be8 Kg7 61. Kb4 Kh7 62. Kc4 Kh6 63. Kd4 Kg7 64. Ke5 Kh6 65.
Kf5 Kh7 66. Kg5 Kg7 67. Bg6 Kh8 1/2-1/2

[Event "14. Torneo Villa de Mondragón 2014"]
[Site "Arrasate ESP"]
[Date "2014.12.24"]
[Round "3.4"]
[White "Janse, Alexander"]
[Black "Montolio Benedicto, Cesar"]
[Result "1-0"]
[WhiteElo "1929"]
[BlackElo "1840"]
[PlyCount "117"]
[EventDate "2014.12.22"]
[EventType "swiss"]
[EventRounds "6"]
[EventCountry "ESP"]
[Source "lmi"]
[SourceDate "2014.12.22"]

1. e4 e5 2. Nf3 Nc6 3. Bb5 a6 4. Ba4 Nf6 5. d3 d6 6. c3 Be7 7. O-O O-O 8. Re1
b5 9. Bc2 Bb7 10. Nbd2 Nb8 11. Nf1 c5 12. Ng3 g6 13. d4 Nc6 14. d5 Nb8 15. h3
Nbd7 16. Nh2 Re8 17. Ng4 Nxg4 18. Qxg4 Nf6 19. Qf3 Bf8 20. Bg5 Be7 21. h4 Nd7
22. Qe3 Bxg5 23. hxg5 f6 24. gxf6 Qxf6 25. Bd1 Rf8 26. Bg4 Nb6 27. b3 Kg7 28.
Rf1 Qf4 29. Qxf4 Rxf4 30. f3 Rff8 31. Ne2 h5 32. Bh3 c4 33. b4 Na4 34. Kf2 Nb2
35. Ke3 Nd3 36. g3 Bc8 37. Bxc8 Rfxc8 38. a4 Nb2 39. a5 Nd3 40. f4 Ra7 41. Rf3
Rf8 42. Raf1 Raf7 43. fxe5 Rxf3+ 44. Rxf3 Rxf3+ 45. Kxf3 Nxe5+ 46. Kg2 g5 47.
Nd4 Kf6 48. Ne6 Nd7 49. Nc7 Nb8 50. Kf3 Kg6 51. Ne8 Nd7 52. Nxd6 Ne5+ 53. Kg2
Nd3 54. Nxb5 Nxb4 55. cxb4 axb5 56. a6 c3 57. a7 c2 58. a8=Q c1=Q 59. Qc6+ 1-0

[Event "14. Torneo Villa de Mondragón 2014"]
[Site "Arrasate ESP"]
[Date "2014.12.24"]
[Round "3.6"]
[White "Janse, Sebastaan"]
[Black "Hernando Casas, Jose Manuel"]
[Result "0-1"]
[WhiteElo "1648"]
[BlackElo "2013"]
[PlyCount "88"]
[EventDate "2014.12.22"]
[EventType "swiss"]
[EventRounds "6"]
[EventCountry "ESP"]
[Source "lmi"]
[SourceDate "2014.12.22"]

1. e4 e6 2. d4 d5 3. exd5 exd5 4. Nf3 Bd6 5. c4 Nf6 6. c5 Be7 7. Bd3 b6 8. b4
a5 9. bxa5 bxc5 10. Bd2 c4 11. Bc2 O-O 12. O-O Nc6 13. Nc3 Bg4 14. Be3 Rxa5 15.
h3 Bh5 16. g4 Bg6 17. Bxg6 hxg6 18. Ne5 Qa8 19. g5 Nh7 20. h4 Nxe5 21. dxe5 Rd8
22. Qg4 Nf8 23. Ne2 c5 24. Nf4 d4 25. Bc1 Qe4 26. f3 Qxe5 27. Kf2 d3 28. Bd2 c3
29. Rfe1 Qd4+ 30. Be3 Qd7 31. Red1 Qxg4 32. fxg4 c4 33. Bb6 Bc5+ 34. Bxc5 Rxc5
35. Rac1 c2 36. Rd2 Ne6 37. Nxe6 fxe6 38. Ke3 Re5+ 39. Kf4 Red5 40. a4 Ra8 41.
Ke4 Rxa4 42. Ke3 Rb4 43. Ra1 Rb1 44. Ra8+ Kh7 0-1

[Event "14. Torneo Villa de Mondragón 2014"]
[Site "Arrasate ESP"]
[Date "2014.12.26"]
[Round "4.1"]
[White "Etxagibel Larrañaga, Asier"]
[Black "Franco Alonso, Alejandro"]
[Result "0-1"]
[WhiteElo "2164"]
[BlackElo "2441"]
[PlyCount "55"]
[EventDate "2014.12.22"]
[EventType "swiss"]
[EventRounds "6"]
[EventCountry "ESP"]
[Source "lmi"]
[SourceDate "2014.12.22"]

1. d4 Nf6 2. Bg5 e6 3. e4 h6 4. Bxf6 Qxf6 5. Nc3 Bb4 6. Qd2 d6 7. f4 e5 8. Nge2
exd4 9. Nxd4 O-O 10. g3 Nc6 11. O-O-O Re8 12. Ndb5 Ba5 13. Qd3 Nb4 14. Qc4 Be6
15. Nd5 Nxd5 16. exd5 Bg4 17. Bd3 Bxd1 18. Rxd1 Re7 19. Nd4 Rae8 20. c3 g6 21.
h4 Bb6 22. Ne2 a6 23. a4 Re3 24. h5 Qe7 25. Rd2 gxh5 26. Nd4 Bxd4 27. Qxd4 Rxg3
28. Rh2 0-1

[Event "14. Torneo Villa de Mondragón 2014"]
[Site "Arrasate ESP"]
[Date "2014.12.26"]
[Round "4.2"]
[White "Ortega Fuentes, Luis Angel"]
[Black "Mendizabal Guridi, Ekaitz"]
[Result "1-0"]
[WhiteElo "2129"]
[BlackElo "1781"]
[PlyCount "45"]
[EventDate "2014.12.22"]
[EventType "swiss"]
[EventRounds "6"]
[EventCountry "ESP"]
[Source "lmi"]
[SourceDate "2014.12.22"]

1. d4 d5 2. Nf3 Nf6 3. e3 Bg4 4. c4 c6 5. cxd5 cxd5 6. Qb3 Bxf3 7. gxf3 Qd7 8.
Nc3 Nc6 9. Bd2 g6 10. Rc1 a6 11. Na4 Rb8 12. Nc5 Qc7 13. Qa4 Nd7 14. Nxa6 bxa6
15. Rxc6 Qb7 16. Bxa6 Qxb2 17. Rc7 Rd8 18. Bb5 f6 19. Bxd7+ Kf7 20. Qb3 Rb8 21.
Qxb2 Rxb2 22. a4 e5 23. Bf5+ 1-0

[Event "14. Torneo Villa de Mondragón 2014"]
[Site "Arrasate ESP"]
[Date "2014.12.26"]
[Round "4.3"]
[White "Izagirre Alsua, Aritz"]
[Black "Tornay Gomez, Josu"]
[Result "1/2-1/2"]
[WhiteElo "1894"]
[BlackElo "2091"]
[PlyCount "142"]
[EventDate "2014.12.22"]
[EventType "swiss"]
[EventRounds "6"]
[EventCountry "ESP"]
[Source "lmi"]
[SourceDate "2014.12.22"]

1. e4 Nf6 2. Nc3 e5 3. Bc4 Nc6 4. a3 Nxe4 5. Bxf7+ Kxf7 6. Nxe4 d5 7. Ng3 Qf6
8. N1e2 Bc5 9. O-O Rf8 10. d3 Kg8 11. Be3 Bd6 12. c4 Be6 13. cxd5 Bxd5 14. Nc3
Be6 15. Nge4 Qg6 16. f3 Rad8 17. Qd2 Be7 18. Rac1 Bc4 19. Qf2 Bxd3 20. Rfe1 Nd4
21. Kh1 b6 22. Rcd1 Ne6 23. Rd2 Ba6 24. Red1 Bb7 25. Rd7 Rde8 26. Qe2 Bc8 27.
R7d5 Nf4 28. Bxf4 exf4 29. Re5 Bd6 30. Nxd6 cxd6 31. Rxe8 Rxe8 32. Qd2 Qf6 33.
Kg1 Ba6 34. Ne4 Qe5 35. Qxd6 Qxd6 36. Rxd6 Re7 37. g3 fxg3 38. hxg3 h6 39. Kf2
Kf7 40. g4 Bb7 41. Ng3 g6 42. Ne2 Bc8 43. Nf4 g5 44. Ne2 Re6 45. Rd8 Re8 46.
Rd6 Re6 47. Rd8 Ba6 48. Nc3 Bc4 49. Rd7+ Re7 50. Rd6 Be6 51. Nb5 Rd7 52. Rxd7+
Bxd7 53. Nxa7 Ke7 54. b4 Kd6 55. Ke3 Kc7 56. b5 Kb7 57. Nc6 Bxc6 58. bxc6+ Kxc6
59. f4 Kd5 60. f5 Ke5 61. Kf3 h5 62. gxh5 Kxf5 63. Kg3 g4 64. h6 Kg6 65. h7
Kxh7 66. Kxg4 Kg6 67. Kf4 Kf6 68. Ke4 Ke6 69. Kd4 Kd6 70. Kc4 Kc6 71. a4 Kb7
1/2-1/2

[Event "14. Torneo Villa de Mondragón 2014"]
[Site "Arrasate ESP"]
[Date "2014.12.26"]
[Round "4.4"]
[White "Low, Zhen Yu Cyrus"]
[Black "Janse, Alexander"]
[Result "1-0"]
[WhiteElo "2028"]
[BlackElo "1929"]
[PlyCount "81"]
[EventDate "2014.12.22"]
[EventType "swiss"]
[EventRounds "6"]
[EventCountry "ESP"]
[Source "lmi"]
[SourceDate "2014.12.22"]

1. e4 c5 2. Nf3 d6 3. d4 cxd4 4. Nxd4 Nf6 5. Nc3 a6 6. Be3 e6 7. Be2 b5 8. Bf3
e5 9. Nf5 g6 10. Ng3 Be6 11. Qd2 Nbd7 12. O-O Rc8 13. Rfd1 Qc7 14. a4 b4 15.
Nd5 Bxd5 16. exd5 a5 17. Be2 Bg7 18. Rac1 Nc5 19. Bb5+ Nfd7 20. Bxc5 Qxc5 21.
c3 b3 22. Qg5 Qc7 23. Nh5 O-O 24. Nxg7 Kxg7 25. f4 h6 26. Qg3 exf4 27. Qxf4 Ne5
28. Qd4 Qc5 29. h3 f6 30. Kh2 Nc4 31. Qf4 Nxb2 32. Rd4 Qa3 33. Qd2 Qa2 34. Qe2
Qa3 35. Qd2 Rc5 36. Rb1 Rxb5 37. axb5 Na4 38. Rh4 g5 39. Rd4 Rf7 40. Qe3 Nc5
41. Re4 1-0

[Event "14. Torneo Villa de Mondragón 2014"]
[Site "Arrasate ESP"]
[Date "2014.12.26"]
[Round "4.5"]
[White "Ortega Lopez, Mikel"]
[Black "Hernando Casas, Jose Manuel"]
[Result "1-0"]
[WhiteElo "2008"]
[BlackElo "2013"]
[PlyCount "55"]
[EventDate "2014.12.22"]
[EventType "swiss"]
[EventRounds "6"]
[EventCountry "ESP"]
[Source "lmi"]
[SourceDate "2014.12.22"]

1. e4 e6 2. d4 d5 3. Nd2 c5 4. exd5 exd5 5. Ngf3 Nf6 6. Bb5+ Bd7 7. Qe2+ Be7 8.
dxc5 O-O 9. O-O Bxc5 10. Nb3 Re8 11. Qd3 a6 12. Bxd7 Nbxd7 13. Bg5 Qc7 14. Nxc5
Qxc5 15. Rad1 Rac8 16. Nd4 Re4 17. c3 Rce8 18. h3 h6 19. Be3 Qe7 20. Nf5 Qe6
21. Ng3 Rc4 22. Bd4 Rcc8 23. Rfe1 Qc6 24. Nf5 Qc7 25. Ne7+ Rxe7 26. Rxe7 Ne4
27. Qf3 f6 28. Qg4 1-0